| 000 | 00589nam a22001937a 4500 | ||
|---|---|---|---|
| 999 |
_c190453 _d190453 |
||
| 005 | 20220726120735.0 | ||
| 010 | _aENG-133962 | ||
| 020 |
_a9789391373566 _c450.00 |
||
| 035 | _aEN-117494 | ||
| 037 | _bDBAD/PUB | ||
| 082 | _a028.7 | ||
| 100 | _aRamasamy,K. | ||
| 245 |
_aInformation literacy skills and social media literacy skills/ _cK. Ramasamy |
||
| 250 | _aI | ||
| 260 |
_aMadurai _bShanlax publications _c2021 |
||
| 270 |
_a61,66 T.P.K. main road, Vasantha nagar _bMadurai _e625003 |
||
| 300 |
_a293p. _c24cm(pbk) _bBibliography |
||
| 942 |
_2ddc _cEN _h028.7 _mRAM |
||